000
00289nam a2200121 a 4500
008
110104s1986|||| d
100
1
_a
Lenin, Vladimir Iljič
245
1
0
_a
Zobrané spisy./Zv./33
260
_b
Pravda
_a
Bratislava
_c
1986
020
_c
15
041
_a
slo
044
_a
xo
_c
SK
999
_c
15449
_d
15449